000 01357ata a2200505 4500
005 20250804151044.0
008 150717b2008 xxu||||| |||| 00| 0 spa d
020 _a9789684183346
041 _aESP
082 _a658.409.2 G172l
100 _aGallo González, Gonzalo
_914158
245 _aEl líder: visión, misión y acción
260 _aColombia
260 _bECISA
260 _c2008
300 _a119 páginas
490 _aDirección y Administración de Empresas
650 _aLIDERAZGO EJECUTIVO
650 _aLIDERAZGO EN ACCIÓN
650 _aMITOS
650 _aVISIÓN
650 _aMISIÓN
650 _aACCIÓN
650 _aAUTÉNTICO LIDERAZGO
650 _aSABER LIDERAR
650 _aEJERCICIO DEL LIDERAZGO
650 _aFALSOS PARADIGMAS
650 _aCUALIDADES DEL LÍDER
650 _aLIDERAZGO FEMENINO
650 _aAPRENDER Y DESAPRENDER
650 _aMODELOS QUE INSPIRAN
650 _aCONQUISTAR METAS
650 _aPODER MENTAL
650 _aLIDERAZGO EN EDUCACIÓN
650 _aFUERZA DE LA PASIÓN
650 _aPLAN DE VIDA
650 _aCOACHING
650 _aCUALIDADES DEL LÍDER
650 _aLIDERAZGO LATINO
650 _aHUMANISMO
650 _aLIDERAZGO FEMENINO
650 _aLECCIONES DE SABIDURÍA
650 _aLÍDERES CON VALORES
942 _cBK
_2ddc
999 _c6427
_d6427